000
00258nam a2200097Ia 4500
001
644284
005
20250826153602.0
008
250824s9999 xx 000 0 und d
245
0
_a
SAHİBİNİ ARAYAN MEKTUPLAR
_c
AHMED GÜNBAY YILDIZ
260
_b
TİMAŞ KÜLTÜR
999
_c
644284
_d
644284